Das Wesen des Christentums

Saved in:  
Bibliographic Details
Main Author: Harnack, Adolf von 1851-1930 (Author)
Contributors: Rendtorff, Trutz 1931-2016 (Other)
Format: Print Book
Language:German
Subito Delivery Service: Order now.
Check availability: HBZ Gateway
Interlibrary Loan:Interlibrary Loan for the Fachinformationsdienste (Specialized Information Services in Germany)
Published: München Gütersloher Verlagshaus 1999
In:Year: 1999
Further subjects:B Christianity

MARC

LEADER 00000nam a22000002c 4500
001 159010210X
003 DE-627
005 20190311235621.0
007 tu
008 190311s1999 xx ||||| 00| ||ger c
020 |a 3579026291  |9 3-579-02629-1 
035 |a (DE-627)159010210X 
035 |a (DE-576)52010210X 
035 |a (DE-599)BSZ52010210X 
040 |a DE-627  |b ger  |c DE-627  |e rakwb 
041 |a ger 
084 |a 1  |2 ssgn 
100 1 |0 (DE-588)118546058  |0 (DE-627)134702158  |0 (DE-576)161308287  |4 aut  |a Harnack, Adolf von  |d 1851-1930 
109 |a Harnack, Carl Gustav Adolf 1851-1930  |a Harnack, Karl Gustav Adolph von 1851-1930  |a Harnack, Adolphus 1851-1930  |a Harnack, Adolph 1851-1930  |a Harnack, Karl Gustav Adolf 1851-1930  |a Harnack, Adolph von 1851-1930  |a Harnack, A. von 1851-1930  |a Harnack, Adolfus de 1851-1930  |a Von Harnack, Adolf 1851-1930  |a Harnack, Carl Gustav Adolph von 1851-1930  |a Harnack, Adolfus 1851-1930  |a Harnack, Adolf v. 1851-1930  |a Harnack, Adolf 1851-1930  |a Harnack, Adolf von 1851-1930  |a Harunakku, Adorufu fon 1851-1930  |a Harnack von 1851-1930  |a Harnak 1851-1930  |a Garnak, A. fon 1851-1930  |a Garnak, A. 1851-1930 
245 1 4 |a Das Wesen des Christentums 
264 1 |a München  |b Gütersloher Verlagshaus  |c 1999 
300 |a 273 S. 
336 |a Text  |b txt  |2 rdacontent 
337 |a ohne Hilfsmittel zu benutzen  |b n  |2 rdamedia 
338 |a Band  |b nc  |2 rdacarrier 
601 |a Christentum 
650 0 7 |0 (DE-588)4010074-1  |0 (DE-627)104493933  |0 (DE-576)20888579X  |a Christentum  |2 gnd 
700 1 |0 (DE-588)118828487  |0 (DE-627)079603017  |0 (DE-576)162701535  |4 oth  |a Rendtorff, Trutz  |d 1931-2016 
935 |a BIIN 
951 |a BO 
BIB |a 1 
ELC |b 1 
LOK |0 000 xxxxxcx a22 zn 4500 
LOK |0 001 3060470340 
LOK |0 003 DE-627 
LOK |0 004 159010210X 
LOK |0 005 20190311235621 
LOK |0 008 190311||||||||||||||||ger||||||| 
LOK |0 035   |a (DE-Tue135-1)122803 
LOK |0 040   |a DE-Tue135-1  |c DE-627  |d DE-Tue135-1 
LOK |0 852   |a DE-Tue135-1 
LOK |0 852 1  |c FTH045697  |m p  |9 00 
LOK |0 852 2  |b FU F 1  |9 00 
LOK |0 935   |a iMON 
LOK |0 938   |k p 
LOK |0 939   |a 11-03-19  |b l12 
ORI |a SA-MARC-ixtheoa001.raw 
STA 0 0 |a Christianity,Christian world view,World view,Christian ideology 
STB 0 0 |a Christianisme,Christianisme 
STC 0 0 |a Cristianismo,Cristianismo,Cristiandad,Cristiandad,Cristiandad (Motivo),Cristiandad 
STD 0 0 |a Cristianesimo,Cristianesimo 
STE 0 0 |a 基督教,基督教,基督教世界观 
STF 0 0 |a 基督教,基督教,基督教世界觀 
STG 0 0 |a Cristianismo,Cristianismo,Cristandade,Cristandade,Cristandade (Motivo),Cristandade 
STH 0 0 |a Христианство (мотив),Христианство 
STI 0 0 |a Χριστιανισμός (μοτίβο),Χριστιανισμός 
SUB |a BIB 
SYE 0 0 |a Christianity,Christliche Mission,Missionierung,Christenheit,Christianitas,Christliche Religion,Christliche Weltanschauung